000 00799cam a2200265 a 4500
001 1591814
005 20180226071303.0
008 931213s1993 nyua 000 0 eng
010 _a 93242654
020 _a0151000611 :
_c$24.95
035 _aLW
040 _aDLC
_cDLC
_dKyLoU
_dDLC
041 _aeng
043 _af------
080 _a392 WAL
082 0 0 _a392 WAL
_220
100 1 _a50
101 _aSOC
245 1 0 _aWarrior marks :
_cAlice Walker and Pratibha Parmar.
504 _aBibliography: p. 371-372.
740 0 _aFemale genital mutilation.
906 _a7
_bcbc
_corignew
_d2
_encip
_f19
_gy-gencatlg
942 _2ddc
_cBK
999 _c43446
_d43446